| 000 | 00847nam a22002297a 4500 | ||
|---|---|---|---|
| 005 | 20240530110912.0 | ||
| 008 | 171026s2009 ua g b 000 0 ara d | ||
| 017 |
_a2008/1758 _bمصر. دار الكتب |
||
| 020 | _a9775471613 | ||
| 040 |
_aEG-CaGPL _cEG-CaGPL |
||
| 082 | 0 | 4 |
_221 _a302.3 / _bش ن |
| 100 | 0 | _aشحاتة صيام | |
| 245 | 1 | 2 |
_aالنظرية الاجتماعية من المرحلة الكلاسيكية الى ما بعد الحداثة / _cشحاتة صيام |
| 250 | _aط. 1 | ||
| 260 |
_aالقاهرة : _bمصر العربية للنشر والتوزيع، _c2009. |
||
| 300 |
_a303 ص. ؛ _c24 سم. |
||
| 504 | _aيشتمل على ارجاعات ببليوجرافية | ||
| 650 | 0 | 7 |
_2qrmak _aالاجتماع، علم |
| 651 | _2qrmak | ||
| 942 |
_2ddc _cBK |
||
| 999 |
_c66326 _d66326 |
||